[Event "V Floripa Open 2019"]
[Site "Florianopolis"]
[Date "2019.01.22"]
[Round "2.160"]
[White "Brandt, Ladir Albano Becker"]
[Black "Born, Ary"]
[Result "1-0"]
[WhiteElo "1710"]
[BlackElo "1338"]
[PlyCount "49"]
[EventDate "2019.01.21"]
[EventType "swiss"]
[EventRounds "10"]
[EventCountry "BRA"]

1. c4 c5 2. Nc3 Nf6 3. Nf3 e6 4. d4 cxd4 5. Nxd4 d5 6. cxd5 Nxd5 7. Nxd5 Qxd5 8. e3 a6 9. Qc2 Bd6 10. Qxc8+ Ke7 11. Qxh8 Bb4+ 12. Bd2 Bxd2+ 13. Kxd2 Qa5+ 14. Kd1 Qd5 15. Qc8 e5 16. Qc4 Qd6 17. Bd3 exd4 18. Qxd4 Nc6 19. Qxd6+ Kxd6 20. Kd2 Rd8 21. Rhd1 Kd5 22. Ke2 Ke5 23. f4+ Kf6 24. Be4 Rh8 25. Bxc6 1-0

[Event "V Floripa Open 2019"]
[Site "Florianopolis"]
[Date "2019.01.22"]
[Round "2.161"]
[White "Oliveira, Debora Goncalves"]
[Black "Dos Passos, Edinaldo Pincanco"]
[Result "1-0"]
[WhiteElo "1332"]
[BlackElo "1710"]
[PlyCount "67"]
[EventDate "2019.01.21"]
[EventType "swiss"]
[EventRounds "10"]
[EventCountry "BRA"]

1. d4 d5 2. c4 Nc6 3. Nf3 Bg4 4. e3 e5 5. Be2 Bb4+ 6. Nc3 dxc4 7. d5 Bxf3 8. Bxf3 Nce7 9. Qa4+ Qd7 10. Qxb4 Rb8 11. Qxc4 Nf6 12. Qb5 O-O 13. Qxd7 Nxd7 14. O-O f5 15. e4 a6 16. exf5 Nxf5 17. b3 Nd4 18. Bg4 Nf6 19. Bh3 b5 20. Bb2 Rbe8 21. Ba3 Rf7 22. Rad1 Nd7 23. Bxd7 Rxd7 24. Rd2 a5 25. Bc5 Nf5 26. Nxb5 c6 27. Nc3 cxd5 28. Nxd5 Kf7 29. Rfd1 Red8 30. Bb6 Rc8 31. Bxa5 Nd4 32. Nb6 Ne2+ 33. Kf1 Rxd2 34. Bxd2 1-0

[Event "V Floripa Open 2019"]
[Site "Florianopolis"]
[Date "2019.01.22"]
[Round "2.162"]
[White "Silvestre, Gilmar Severino"]
[Black "Fontes, Joao Marques"]
[Result "1-0"]
[WhiteElo "1709"]
[BlackElo "1337"]
[PlyCount "35"]
[EventDate "2019.01.21"]
[EventType "swiss"]
[EventRounds "10"]
[EventCountry "BRA"]

1. c4 c6 2. Nc3 Nf6 3. g3 d5 4. cxd5 Nxd5 5. Bg2 Nxc3 6. bxc3 Bf5 7. Nf3 h6 8. O-O Nd7 9. d3 e6 10. Rb1 Rb8 11. Bf4 e5 12. Nxe5 Nxe5 13. Bxe5 Bd6 14. Bxg7 Rh7 15. Bd4 c5 16. Be3 b6 17. Qa4+ Qd7 18. Bc6 1-0

[Event "V Floripa Open 2019"]
[Site "Florianopolis"]
[Date "2019.01.22"]
[Round "2.164"]
[White "Maba, Mateus dos Passos"]
[Black "Lopes, Leonardo Borges"]
[Result "1-0"]
[WhiteElo "1705"]
[BlackElo "1327"]
[PlyCount "77"]
[EventDate "2019.01.21"]
[EventType "swiss"]
[EventRounds "10"]
[EventCountry "BRA"]

1. e4 c5 2. Nf3 d6 3. d4 cxd4 4. Nxd4 Nf6 5. Nc3 a6 6. Bc4 e6 7. Bb3 Be7 8. f4 Qc7 9. Qf3 Nc6 10. Be3 O-O 11. O-O b5 12. a3 Bb7 13. g4 e5 14. Nxc6 Bxc6 15. Rad1 exf4 16. Qxf4 Qd7 17. h3 h6 18. Bd4 Qb7 19. g5 Nh7 20. Bxf7+ Kh8 21. gxh6 Bf6 22. hxg7+ Bxg7 23. Bxg7+ Kxg7 24. Qg4+ Kh8 25. Qe6 Rad8 26. Rf6 Rd7 27. Rdf1 Qa7+ 28. Kh2 Re7 29. Qxd6 Qc7 30. Qxc7 Rxc7 31. R6f2 Ng5 32. Bd5 Rxf2+ 33. Rxf2 Bxd5 34. Nxd5 Rh7 35. Kg3 Kg7 36. h4 Nf7 37. Ne3 Kf8 38. Ng4 Rg7 39. Kh3 1-0

[Event "V Floripa Open 2019"]
[Site "Florianopolis"]
[Date "2019.01.22"]
[Round "2.165"]
[White "Buiar, Maria Eduarda Beral"]
[Black "Sanchez, Ivan Roberto"]
[Result "0-1"]
[WhiteElo "1315"]
[BlackElo "1703"]
[PlyCount "72"]
[EventDate "2019.01.21"]
[EventType "swiss"]
[EventRounds "10"]
[EventCountry "BRA"]

1. d4 Nf6 2. Bf4 d5 3. h3 e6 4. e3 Bd6 5. Bxd6 Qxd6 6. Nf3 Nbd7 7. Nbd2 e5 8. dxe5 Nxe5 9. c3 O-O 10. Nxe5 Qxe5 11. Nf3 Qe7 12. Bd3 Rd8 13. O-O h6 14. Qc2 Bd7 15. Rfe1 Ne4 16. Nd2 Nc5 17. e4 Nxd3 18. Qxd3 dxe4 19. Nxe4 Qh4 20. Qf3 Bc6 21. Qg4 Qxg4 22. hxg4 Re8 23. Ng3 Rxe1+ 24. Rxe1 Rd8 25. Nf5 Kf8 26. Nd4 Bd7 27. f3 c5 28. Nb3 b6 29. Rd1 Ke7 30. Kf2 Rf8 31. Nc1 f5 32. Nd3 fxg4 33. Ne5 Bf5 34. Nc6+ Kf6 35. fxg4 Bxg4 36. Kg3 Bxd1 0-1

[Event "V Floripa Open 2019"]
[Site "Florianopolis"]
[Date "2019.01.22"]
[Round "2.166"]
[White "Masselli, Eduardo"]
[Black "De Sousa E Silva, Luis Gonzaga"]
[Result "1-0"]
[WhiteElo "1700"]
[BlackElo "1318"]
[PlyCount "43"]
[EventDate "2019.01.21"]
[EventType "swiss"]
[EventRounds "10"]
[EventCountry "BRA"]

1. e4 d5 2. exd5 Qxd5 3. Nc3 Qa5 4. d4 Nf6 5. Bd2 c6 6. Bc4 Qc7 7. Nf3 Bf5 8. Ne5 e6 9. g4 Bg6 10. h4 h6 11. Nxg6 fxg6 12. Qe2 Be7 13. Qxe6 Qd7 14. Qf7+ Kd8 15. Be6 Qd6 16. d5 Qe5+ 17. Be3 Ne8 18. O-O-O Nd6 19. dxc6 Nxc6 20. Bf4 Kc7 21. Bxe5 Nxe5 22. Qxe7+ 1-0

[Event "V Floripa Open 2019"]
[Site "Florianopolis"]
[Date "2019.01.22"]
[Round "2.167"]
[White "Goncalves, Janaina"]
[Black "Soares, Gustavo Henrique"]
[Result "0-1"]
[WhiteElo "1292"]
[BlackElo "1698"]
[PlyCount "72"]
[EventDate "2019.01.21"]
[EventType "swiss"]
[EventRounds "10"]
[EventCountry "BRA"]

1. e4 e5 2. Nf3 Nc6 3. Bc4 Bc5 4. Nc3 Nf6 5. d3 d6 6. Bg5 h6 7. Bh4 g5 8. Bg3 Bg4 9. h3 Bh5 10. Qd2 Bxf3 11. gxf3 Nd4 12. Qd1 c6 13. a3 Nh5 14. Ne2 Nxf3+ 15. Kf1 Qf6 16. c3 Nh4 17. d4 Nxg3+ 18. Nxg3 exd4 19. Nh5 Qe5 20. b4 Bb6 21. cxd4 Qxd4 22. Qxd4 Bxd4 23. Rd1 Be5 24. Ng3 Ke7 25. Nf5+ Nxf5 26. exf5 Kf6 27. Bd3 a5 28. Ke2 axb4 29. axb4 Ra2+ 30. Rd2 Rha8 31. Bc4 Rxd2+ 32. Kxd2 Ra4 33. Bd3 Rxb4 34. h4 Rxh4 35. Rb1 b5 36. Rc1 Bf4+ 0-1

[Event "V Floripa Open 2019"]
[Site "Florianopolis"]
[Date "2019.01.22"]
[Round "2.168"]
[White "Arndt, Claudio Felipe"]
[Black "Neuenfeld, Eduarda"]
[Result "1-0"]
[WhiteElo "1693"]
[BlackElo "1313"]
[PlyCount "151"]
[EventDate "2019.01.21"]
[EventType "swiss"]
[EventRounds "10"]
[EventCountry "BRA"]

1. e4 c5 2. Nf3 Nc6 3. Bb5 Nf6 4. d3 e6 5. O-O Be7 6. Bxc6 dxc6 7. a4 O-O 8. a5 a6 9. Nbd2 b5 10. axb6 Qxb6 11. Nc4 Qc7 12. Bd2 Nd7 13. g3 Bb7 14. Bf4 Qd8 15. Bd2 f5 16. exf5 Rxf5 17. Qe2 Nf8 18. Ne3 Rf7 19. Ne5 Rf6 20. Ng2 Nd7 21. Bc3 Nxe5 22. Bxe5 Rf7 23. Ra4 Qd7 24. Re4 c4 25. Rxc4 c5 26. Rf4 Qd5 27. f3 Raf8 28. Rxf7 Rxf7 29. Nf4 Qc6 30. Bc3 Bc8 31. Qe4 Qxe4 32. dxe4 c4 33. Kg2 Bd6 34. Ne2 Rd7 35. Nd4 Rf7 36. Rd1 Bc5 37. Ne2 Rd7 38. Rxd7 Bxd7 39. Bd4 Bd6 40. Kf2 Kf7 41. Ke3 g6 42. Kd2 Ke7 43. Kc3 Bb5 44. Bb6 e5 45. Ba5 Ke6 46. Bb4 Bc7 47. Kd2 Bb6 48. Nc3 Bc6 49. Bf8 Bg1 50. h3 Bh2 51. g4 Bf4+ 52. Ke2 Bg5 53. Bc5 Bh6 54. Be3 Bg7 55. Nb1 Bb5 56. Kd2 Bf8 57. Kc3 Bd6 58. Bb6 Be7 59. Nd2 Bf6 60. Nxc4 Be7 61. b3 Bf8 62. Ba5 Kf6 63. h4 g5 64. h5 h6 65. Bb4 Bg7 66. Nd2 Ke6 67. Kb2 Kd7 68. c4 Bc6 69. Kc3 Ke6 70. Bc5 Kd7 71. Kb4 Kc7 72. Nb1 Kd7 73. Nc3 Ke6 74. Nd5 Kd7 75. Ne3 Ke6 76. Nf5 1-0

[Event "V Floripa Open 2019"]
[Site "Florianopolis"]
[Date "2019.01.22"]
[Round "2.169"]
[White "Jardim, Tamiris Salvador"]
[Black "Maciel, Felipe Eduardo Ribe"]
[Result "1/2-1/2"]
[WhiteElo "1253"]
[BlackElo "1688"]
[PlyCount "105"]
[EventDate "2019.01.21"]
[EventType "swiss"]
[EventRounds "10"]
[EventCountry "BRA"]

1. e4 e6 2. d4 d5 3. Nc3 Bb4 4. e5 c5 5. a3 Bxc3+ 6. bxc3 Ne7 7. Qg4 g6 8. Nf3 Nbc6 9. Bg5 Qa5 10. Bd2 Bd7 11. Be2 Qc7 12. Ra2 a6 13. O-O cxd4 14. cxd4 Na5 15. Bg5 Bb5 16. Bxb5+ axb5 17. Bf6 Rg8 18. Qg5 h5 19. Rb1 Nc4 20. Rxb5 Rxa3 21. Rxa3 Nxa3 22. Rc5 Nc6 23. h3 b6 24. Rc3 Nb5 25. Rd3 Na5 26. Qh6 Kd7 27. Qh7 Rf8 28. Bg7 Re8 29. Ng5 Kc8 30. Rf3 Re7 31. Bf6 Rd7 32. Bh8 Nxd4 33. Rxf7 Rxf7 34. Nxf7 Qxc2 35. Nd6+ Kb8 36. Bf6 Ne2+ 37. Kh2 Qc1 38. Qg8+ Ka7 39. Nb5+ Ka6 40. Nc7+ Kb7 41. Qa8+ Kxc7 42. Bd8+ Kd7 43. Qa7+ Kxd8 44. Qxb6+ Ke7 45. Qd6+ Kf7 46. Qd7+ Kf8 47. Qd8+ Kg7 48. Qf6+ Kh6 49. Qf8+ Kg5 50. Qf6+ Kh6 51. Qf8+ Kh7 52. Qf7+ Kh8 53. Qf8+ 1/2-1/2

[Event "V Floripa Open 2019"]
[Site "Florianopolis"]
[Date "2019.01.22"]
[Round "2.170"]
[White "Da Silva, Esequiel Luis Melo"]
[Black "Scardini, Leonardo"]
[Result "1-0"]
[WhiteElo "1680"]
[BlackElo "1294"]
[PlyCount "65"]
[EventDate "2019.01.21"]
[EventType "swiss"]
[EventRounds "10"]
[EventCountry "BRA"]

1. d4 d5 2. Nf3 Nf6 3. g3 Bf5 4. Bg2 e6 5. Nbd2 h6 6. b3 Nbd7 7. Bb2 Bd6 8. c4 c6 9. O-O O-O 10. c5 Bc7 11. Re1 Re8 12. b4 a6 13. Ne5 Nxe5 14. dxe5 Nd7 15. f4 b6 16. Ba3 bxc5 17. bxc5 Bb8 18. e4 Bh7 19. Qa4 Qc7 20. Rac1 Ba7 21. Kh1 a5 22. exd5 exd5 23. Nb3 Bd3 24. Nd4 Nb8 25. Bxd5 Bb5 26. Nxb5 cxb5 27. Qxb5 Qd7 28. c6 Qc7 29. Bd6 Qb6 30. Qxb6 Bxb6 31. c7 Bxc7 32. Rxc7 Ra6 33. Bxf7+ 1-0

[Event "V Floripa Open 2019"]
[Site "Florianopolis"]
[Date "2019.01.22"]
[Round "2.171"]
[White "Brand, Oliver"]
[Black "Lara, Diego Costa"]
[Result "0-1"]
[WhiteElo "1243"]
[BlackElo "1678"]
[PlyCount "62"]
[EventDate "2019.01.21"]
[EventType "swiss"]
[EventRounds "10"]
[EventCountry "BRA"]

1. e4 e6 2. Nf3 d5 3. e5 c5 4. c3 Ne7 5. d4 Nf5 6. Be2 Qb6 7. O-O Nc6 8. Nbd2 cxd4 9. Nxd4 Nfxd4 10. cxd4 Qxd4 11. Nf3 Qxd1 12. Rxd1 Bc5 13. Bf4 O-O 14. Rac1 Bb6 15. Nd2 Bc7 16. Nf3 f6 17. Re1 Bxe5 18. Bxe5 fxe5 19. Bb5 e4 20. Nd2 Bd7 21. Red1 Rac8 22. Nxe4 a6 23. Nd6 Rc7 24. Bd3 Rf6 25. g4 Rf4 26. h3 Kf8 27. Re1 g6 28. Kg2 Ke7 29. Kg3 Rd4 30. Nf5+ gxf5 31. Bxf5 h6 0-1

[Event "V Floripa Open 2019"]
[Site "Florianopolis"]
[Date "2019.01.22"]
[Round "2.172"]
[White "Gomes, Marco Tulio Caldeir"]
[Black "Borba Da Rosa, Rodrigo"]
[Result "1-0"]
[WhiteElo "1678"]
[BlackElo "1249"]
[PlyCount "106"]
[EventDate "2019.01.21"]
[EventType "swiss"]
[EventRounds "10"]
[EventCountry "BRA"]

1. c4 e5 2. Nc3 d6 3. g3 Nf6 4. Bg2 Be7 5. d3 O-O 6. Nf3 Bg4 7. h3 Bxf3 8. Bxf3 c6 9. e4 h6 10. O-O Nbd7 11. Be3 Nb6 12. Qb3 c5 13. Kh2 Nh7 14. Bg2 g5 15. Qd1 Qd7 16. Bf3 Nf6 17. a4 a6 18. a5 Nc8 19. Nd5 Nxd5 20. cxd5 b5 21. Bg4 f5 22. Bxf5 Rxf5 23. exf5 Qxf5 24. Qh5 Kg7 25. h4 Bf6 26. Rh1 Ne7 27. Kg2 Nxd5 28. Rae1 Nxe3+ 29. Rxe3 Rf8 30. Rf3 Qg6 31. Qg4 Rf7 32. h5 Qh7 33. Qe6 Qh8 34. Qxd6 Qa8 35. Qe6 g4 36. Qxg4+ Bg5 37. Rd1 Qxf3+ 38. Qxf3 Rxf3 39. Kxf3 Bd8 40. Ra1 Kf6 41. g4 Ke6 42. Ke4 Bg5 43. b3 Bh4 44. f3 Bg5 45. Ra2 b4 46. Rc2 Kd6 47. Rf2 Bf4 48. Rf1 Bg5 49. f4 exf4 50. Rxf4 Kc6 51. Rf1 Kb5 52. Rf5 Bc1 53. d4 Kxa5 1-0

[Event "V Floripa Open 2019"]
[Site "Florianopolis"]
[Date "2019.01.22"]
[Round "2.173"]
[White "Mendes, Ana Beatriz Dias Gu"]
[Black "Bauza Mercere, Eduardo"]
[Result "1/2-1/2"]
[WhiteElo "1233"]
[BlackElo "1675"]
[PlyCount "100"]
[EventDate "2019.01.21"]
[EventType "swiss"]
[EventRounds "10"]
[EventCountry "BRA"]

1. e4 g6 2. d4 Bg7 3. Nf3 d6 4. h3 c5 5. Nc3 cxd4 6. Nxd4 Nf6 7. Be3 O-O 8. Qd2 Nc6 9. Bc4 Bd7 10. f3 Qa5 11. a3 Rfc8 12. Nb3 Qd8 13. f4 a6 14. g4 b5 15. Bd3 Na5 16. Nxa5 Qxa5 17. f5 Rxc3 18. Qxc3 Qxc3+ 19. bxc3 Bc6 20. fxg6 hxg6 21. Bd4 Nxe4 22. Bxg7 Kxg7 23. Bxe4 Bxe4 24. Rh2 Rc8 25. Kd2 Rc4 26. Rf2 f6 27. Raf1 Ra4 28. Re2 d5 29. Ra1 Kf7 30. Kc1 Ke6 31. Kb2 Ke5 32. Rae1 Rc4 33. h4 Rc8 34. Rh2 Rh8 35. h5 Rh6 36. Rf1 Kd6 37. Rg1 gxh5 38. Rxh5 Rg6 39. g5 Rxg5 40. Rgxg5 fxg5 41. Rxg5 Kc5 42. Re5 Kd6 43. Rg5 Kc5 44. Kb3 e6 45. Rg8 Bf5 46. Ra8 Kb6 47. Re8 Ka5 48. Rh8 Bg6 49. Rh6 Bf5 50. Rh5 Be4 1/2-1/2

[Event "V Floripa Open 2019"]
[Site "Florianopolis"]
[Date "2019.01.22"]
[Round "2.174"]
[White "Cezar, Ricardo De Almeida"]
[Black "Fonseca, Rogerio da Silva"]
[Result "1-0"]
[WhiteElo "1675"]
[BlackElo "1241"]
[PlyCount "103"]
[EventDate "2019.01.21"]
[EventType "swiss"]
[EventRounds "10"]
[EventCountry "BRA"]

1. d4 d5 2. c4 Nf6 3. Nc3 c5 4. Nf3 e6 5. cxd5 exd5 6. g3 Be7 7. Bg2 Be6 8. Ng5 O-O 9. O-O h6 10. Nh3 Nc6 11. dxc5 Bxc5 12. Nf4 d4 13. Ne4 Nxe4 14. Bxe4 Qd7 15. b3 Bf5 16. Bxf5 Qxf5 17. Qd3 Qd7 18. Bb2 Ne5 19. Qd2 g5 20. Nd3 Nxd3 21. Qxd3 Rae8 22. Rac1 Re5 23. Rfd1 Rfe8 24. e3 Rxe3 25. fxe3 Rxe3 26. Qxe3 dxe3 27. Rxd7 e2+ 28. Kg2 Bb4 29. Rd8+ Kh7 30. Re8 e1=Q 31. Rcxe1 Bxe1 32. Rxe1 Kg6 33. g4 h5 34. h3 h4 35. Kf3 f6 36. Re6 Kf7 37. Rxf6+ Ke7 38. Ke4 b5 39. Ba3+ Kd7 40. Be7 Kxe7 41. Rf7+ Kxf7 42. Kf5 Kg7 43. Kxg5 a5 44. a3 Kf7 45. Kxh4 Kg6 46. Kg3 Kg5 47. h4+ Kg6 48. Kf4 Kh6 49. Ke5 Kg7 50. Ke6 Kg6 51. g5 Kh5 52. Kd5 1-0

[Event "V Floripa Open 2019"]
[Site "Florianopolis"]
[Date "2019.01.22"]
[Round "2.175"]
[White "Garcia, Otavio Landerdahl"]
[Black "Da Rosa, Henrique Jaze Simoe"]
[Result "0-1"]
[WhiteElo "1208"]
[BlackElo "1675"]
[PlyCount "64"]
[EventDate "2019.01.21"]
[EventType "swiss"]
[EventRounds "10"]
[EventCountry "BRA"]

1. d4 d5 2. Bf4 Nf6 3. e3 c5 4. c3 e6 5. Nf3 Nc6 6. Nbd2 Be7 7. Bd3 Nh5 8. Bg3 O-O 9. Ng5 Nf6 10. Qc2 h6 11. h4 c4 12. Be2 Bd6 13. Bxd6 Qxd6 14. e4 hxg5 15. hxg5 Nxe4 16. Nxe4 dxe4 17. Qxe4 f5 18. gxf6 Rxf6 19. Qh7+ Kf8 20. Qh8+ Ke7 21. Qxg7+ Rf7 22. Qg5+ Kd7 23. Bg4 Kc7 24. Rh8 e5 25. Rxc8+ Rxc8 26. Bxc8 Kxc8 27. Rd1 exd4 28. cxd4 Qe6+ 29. Kf1 Re7 30. Qh4 Qe2+ 31. Kg1 Qxd1+ 32. Kh2 Qxd4 0-1

[Event "V Floripa Open 2019"]
[Site "Florianopolis"]
[Date "2019.01.22"]
[Round "2.176"]
[White "Da Silva Junior, Marco Aurelio"]
[Black "Purim, Kaiane"]
[Result "1-0"]
[WhiteElo "1672"]
[BlackElo "1228"]
[PlyCount "119"]
[EventDate "2019.01.21"]
[EventType "swiss"]
[EventRounds "10"]
[EventCountry "BRA"]

1. b4 e5 2. Bb2 d6 3. d3 Nf6 4. Nd2 Be7 5. Ngf3 Bd7 6. e3 O-O 7. Be2 Be6 8. O-O Qd7 9. c4 b6 10. c5 bxc5 11. bxc5 Nc6 12. cxd6 cxd6 13. Qa4 d5 14. Rfc1 Rfc8 15. a3 a5 16. Qd1 Rab8 17. Nxe5 Qd6 18. Nxc6 Rxc6 19. Bc3 Bd8 20. Nb3 Bc7 21. g3 a4 22. Nd4 Rcb6 23. Ba5 R6b7 24. Bxc7 Rxc7 25. Rxc7 Qxc7 26. Qxa4 Bg4 27. Bxg4 Nxg4 28. Nc6 Re8 29. Rc1 Qd6 30. Qxg4 Qxa3 31. Rd1 h6 32. Nd4 Ra8 33. Nf5 g6 34. Nxh6+ Kf8 35. Qf3 f5 36. Qxd5 Ra7 37. Qg8+ Ke7 38. Qxg6 Ra6 39. Nxf5+ Kd7 40. Qf7+ Kc8 41. Qe8+ Kc7 42. Qe7+ Qxe7 43. Nxe7 Kd7 44. Nf5 Ra5 45. e4 Ke6 46. d4 Ra4 47. d5+ Kd7 48. Rd4 Rxd4 49. Nxd4 Kd6 50. h4 Ke5 51. h5 Kxd4 52. d6 Kxe4 53. d7 Kf5 54. d8=Q Ke6 55. h6 Ke5 56. h7 Ke4 57. h8=Q Kf5 58. Qhf6+ Kg4 59. Qg8+ Kh5 60. Qh4# 1-0

[Event "V Floripa Open 2019"]
[Site "Florianopolis"]
[Date "2019.01.22"]
[Round "2.177"]
[White "Nunes, Lucas Alexandre"]
[Black "Tasoko, Toshinobu"]
[Result "1/2-1/2"]
[WhiteElo "1199"]
[BlackElo "1668"]
[PlyCount "38"]
[EventDate "2019.01.21"]
[EventType "swiss"]
[EventRounds "10"]
[EventCountry "BRA"]

1. e4 e5 2. Nf3 d6 3. Bc4 Be7 4. Nc3 c6 5. d4 Nd7 6. O-O b5 7. Bb3 a5 8. a4 b4 9. Ne2 Ngf6 10. Ng3 g6 11. dxe5 Nxe5 12. Nxe5 dxe5 13. Qxd8+ Bxd8 14. Bg5 h6 15. Bxf6 Bxf6 16. Rad1 Be7 17. f4 exf4 18. Rxf4 O-O 19. Rdf1 Be6 1/2-1/2

[Event "V Floripa Open 2019"]
[Site "Florianopolis"]
[Date "2019.01.22"]
[Round "2.179"]
[White "Ittner, Emily Caroline"]
[Black "Dos Anjos, Diovana Ferreira"]
[Result "0-1"]
[WhiteElo "1087"]
[BlackElo "1660"]
[PlyCount "116"]
[EventDate "2019.01.21"]
[EventType "swiss"]
[EventRounds "10"]
[EventCountry "BRA"]

1. c4 e5 2. d3 c5 3. Nf3 Nc6 4. e3 Nge7 5. Be2 g6 6. Bd2 Bg7 7. O-O e4 8. Bc3 Bxc3 9. Nxc3 exf3 10. Bxf3 O-O 11. a3 d6 12. Ne4 Rb8 13. Bh5 Nf5 14. Bg4 Ne5 15. Bh5 Ng7 16. Be2 Be6 17. b4 Qe7 18. b5 Nd7 19. Rb1 d5 20. cxd5 Bxd5 21. Nc3 Nf6 22. e4 Be6 23. d4 cxd4 24. Qxd4 b6 25. e5 Nd7 26. Bf3 Nf5 27. Qe4 Qxa3 28. Ne2 Qe7 29. Nf4 Nh4 30. Rfd1 Bf5 31. Qe3 Nxf3+ 32. Qxf3 Bxb1 33. Rxb1 Qxe5 34. h3 Nc5 35. Rd1 Rbd8 36. Rb1 Qe4 37. Qxe4 Nxe4 38. Re1 Nc3 39. Re5 Rfe8 40. Rg5 Ne2+ 41. Nxe2 Rxe2 42. f4 h6 43. Rg3 Rb2 44. Ra3 Rd7 45. Re3 Rxb5 46. Kf2 Rd2+ 47. Kf3 Rbd5 48. Kg4 Rxg2+ 49. Kf3 Rh2 50. Ke4 Rc5 51. Kd3 a5 52. Ke4 f5+ 53. Kd3 a4 54. Re1 Rxh3+ 55. Ke2 a3 56. Ra1 Rb5 57. Kd2 Rb2+ 58. Kc1 Rh1# 0-1

[Event "V Floripa Open 2019"]
[Site "Florianopolis"]
[Date "2019.01.22"]
[Round "2.180"]
[White "Szuba, Joao Gabriel Muniz"]
[Black "Lanznaster, Joao Vitor"]
[Result "1-0"]
[WhiteElo "1659"]
[BlackElo "1180"]
[PlyCount "59"]
[EventDate "2019.01.21"]
[EventType "swiss"]
[EventRounds "10"]
[EventCountry "BRA"]

1. e4 c5 2. Nf3 d6 3. Bb5+ Nd7 4. O-O a6 5. Bd3 Ngf6 6. c3 e5 7. a4 Be7 8. Re1 O-O 9. Bc2 b6 10. d4 Bb7 11. h3 Re8 12. d5 b5 13. Nbd2 c4 14. Nf1 Nf8 15. Ne3 Ng6 16. g3 Qd7 17. Kg2 Bc8 18. Nf5 Bb7 19. g4 Bd8 20. g5 Nh5 21. Kh2 Nhf4 22. h4 Bb6 23. h5 Nxh5 24. Nxe5 dxe5 25. Qxh5 Bxf2 26. Rh1 Nf8 27. Bd2 g6 28. Nh6+ Kg7 29. Qf3 Bc5 30. Qf6# 1-0

[Event "V Floripa Open 2019"]
[Site "Florianopolis"]
[Date "2019.01.22"]
[Round "2.181"]
[White "Da Silva, Matheus Lopes"]
[Black "De Oliveira, Nicolas Fabiane"]
[Result "1-0"]
[WhiteElo "1653"]
[BlackElo "1078"]
[PlyCount "77"]
[EventDate "2019.01.21"]
[EventType "swiss"]
[EventRounds "10"]
[EventCountry "BRA"]

1. e4 e6 2. d4 d5 3. exd5 exd5 4. Bf4 Nf6 5. Nf3 Be7 6. Bd3 O-O 7. O-O Bg4 8. Nbd2 Nc6 9. c3 Bd6 10. Bxd6 Qxd6 11. Qc2 g6 12. h3 Bd7 13. Rfe1 Rae8 14. b4 a6 15. a4 Na7 16. Ne5 Bc8 17. b5 a5 18. Nb3 b6 19. Nd2 c5 20. bxc6 Nxc6 21. Nxc6 Qxc6 22. Rxe8 Rxe8 23. Bb5 Qe6 24. Bxe8 Qxe8 25. Nf3 Bf5 26. Qb3 Qb8 27. Ne5 Qd6 28. Ra2 h5 29. Rb2 Be6 30. Qxb6 Qa3 31. Qb3 Qf8 32. Qb8 Ne8 33. Rb6 Bf5 34. Ra6 Qe7 35. Ra7 Qf8 36. Rxf7 Qxf7 37. Nxf7 Kxf7 38. Qb7+ Kf6 39. Qxd5 1-0

[Event "V Floripa Open 2019"]
[Site "Florianopolis"]
[Date "2019.01.22"]
[Round "2.182"]
[White "Kuster, Michel Thiago"]
[Black "Nasario, Rafael"]
[Result "0-1"]
[WhiteElo "1066"]
[BlackElo "1652"]
[PlyCount "34"]
[EventDate "2019.01.21"]
[EventType "swiss"]
[EventRounds "10"]
[EventCountry "BRA"]

1. d4 Nf6 2. c4 g6 3. Nf3 Bg7 4. Bf4 O-O 5. e3 d5 6. Nc3 c5 7. Be2 Nc6 8. O-O cxd4 9. Nxd4 Nxd4 10. Qxd4 dxc4 11. Rad1 Be6 12. Bxc4 Bxc4 13. Qxc4 Qb6 14. Na4 Qa5 15. Bc7 Qf5 16. h3 b5 17. g4 Qc8 0-1

[Event "V Floripa Open 2019"]
[Site "Florianopolis"]
[Date "2019.01.22"]
[Round "2.183"]
[White "Setti, Dalmarino"]
[Black "Rahn, Marlon Cristiano"]
[Result "1-0"]
[WhiteElo "1650"]
[BlackElo "1057"]
[PlyCount "47"]
[EventDate "2019.01.21"]
[EventType "swiss"]
[EventRounds "10"]
[EventCountry "BRA"]

1. d4 Nf6 2. c4 e6 3. Nc3 Bb4 4. a3 Bxc3+ 5. bxc3 c5 6. e3 Ne4 7. Bd3 Nxc3 8. Qc2 cxd4 9. exd4 Nd5 10. cxd5 Qa5+ 11. Bd2 Qxd5 12. Qxc8+ Ke7 13. Qc5+ Qxc5 14. dxc5 Nc6 15. Nf3 h6 16. O-O g5 17. Bc3 Rhg8 18. Ne5 Nd8 19. Rfd1 f5 20. Bb5 Kf6 21. Nxd7+ Kg6 22. Ne5+ Kf6 23. Nc6+ Kg6 24. Ne7+ 1-0

[Event "V Floripa Open 2019"]
[Site "Florianopolis"]
[Date "2019.01.22"]
[Round "2.184"]
[White "Nunes, Nicole"]
[Black "Pontes Junior, Jacinto"]
[Result "0-1"]
[WhiteElo "1022"]
[BlackElo "1645"]
[PlyCount "72"]
[EventDate "2019.01.21"]
[EventType "swiss"]
[EventRounds "10"]
[EventCountry "BRA"]

1. e4 c5 2. Nf3 e6 3. d4 cxd4 4. Nxd4 a6 5. Nc3 Qc7 6. Bd2 b5 7. Bd3 Bb7 8. O-O Nc6 9. Nxc6 Qxc6 10. h3 Nf6 11. Re1 Qc7 12. Qc1 d6 13. Qd1 Be7 14. Qf3 O-O 15. a3 Rfd8 16. Qg3 Rac8 17. Bh6 g6 18. e5 dxe5 19. Rxe5 Bd6 20. Bf4 Bxe5 21. Bxe5 Qe7 22. Qh4 Nd5 23. Qxe7 Nxe7 24. Bf6 Rd7 25. Rd1 Kf8 26. Bh8 f5 27. Bf6 Nd5 28. Nxd5 Rxd5 29. Be5 Rxe5 30. Be2 Rxe2 31. Rd7 Bd5 32. Rxh7 Rcxc2 33. Rh8+ Kg7 34. Rd8 Rxf2 35. Rd7+ Kf6 36. Rd8 Rxg2+ 0-1

[Event "V Floripa Open 2019"]
[Site "Florianopolis"]
[Date "2019.01.22"]
[Round "2.185"]
[White "De Sousa, Alex Aecio"]
[Black "Sarda, Joao Sada"]
[Result "1-0"]
[WhiteElo "1639"]
[BlackElo "1016"]
[PlyCount "47"]
[EventDate "2019.01.21"]
[EventType "swiss"]
[EventRounds "10"]
[EventCountry "BRA"]

1. c4 Nf6 2. g3 g6 3. Bg2 Bg7 4. Nc3 O-O 5. e4 d6 6. Nge2 Nc6 7. h3 e5 8. O-O Be6 9. d3 Qd7 10. Kh2 Bg4 11. hxg4 Nxg4+ 12. Kg1 f5 13. Bh3 f4 14. Nxf4 exf4 15. Bxg4 Qe7 16. Nd5 Qg5 17. Bxf4 Rxf4 18. Nxf4 Ne5 19. Bh3 Rf8 20. Ne6 Qh6 21. Kg2 Rf6 22. f4 Nc6 23. Rh1 g5 24. Bf5 1-0

[Event "V Floripa Open 2019"]
[Site "Florianopolis"]
[Date "2019.01.22"]
[Round "2.186"]
[White "Souza, Renato Canil De"]
[Black "Schroeder, Matheus"]
[Result "1-0"]
[WhiteElo "1639"]
[BlackElo "1003"]
[PlyCount "31"]
[EventDate "2019.01.21"]
[EventType "swiss"]
[EventRounds "10"]
[EventCountry "BRA"]

1. d4 Nf6 2. c4 e6 3. Nc3 Bb4 4. Qc2 d5 5. cxd5 exd5 6. Bg5 Nbd7 7. Nf3 O-O 8. e3 a6 9. Bd3 g6 10. O-O b5 11. Nxd5 Bd6 12. e4 Re8 13. e5 Bxe5 14. dxe5 Nxe5 15. Nxf6+ Kf8 16. Nxh7+ 1-0

[Event "V Floripa Open 2019"]
[Site "Florianopolis"]
[Date "2019.01.22"]
[Round "2.219"]
[White "Colas Longares, Rafael P."]
[Black "Santos, Gildemar De Oliveir"]
[Result "1-0"]
[WhiteElo "2337"]
[BlackElo "1566"]
[PlyCount "77"]
[EventDate "2019.01.21"]
[EventType "swiss"]
[EventRounds "10"]
[EventCountry "BRA"]

1. d4 Nf6 2. c4 g6 3. Nf3 Bg7 4. Nc3 d6 5. e3 O-O 6. Bd3 c6 7. O-O Nbd7 8. b3 Qc7 9. Bb2 a6 10. Qc2 c5 11. Rfe1 Re8 12. Rad1 Nf8 13. Nd2 e6 14. Nde4 cxd4 15. exd4 N8d7 16. Ba3 Bf8 17. Nxf6+ Nxf6 18. Bb2 Bg7 19. h3 Bd7 20. Ne4 Rac8 21. Rc1 Nh5 22. c5 f5 23. Nxd6 Qc6 24. Be2 Nf4 25. Bf3 Nd5 26. Qc4 Bh6 27. Rc2 Qc7 28. Nxe8 Rxe8 29. Bxd5 Bb5 30. Bxe6+ Kf8 31. Qd5 Bc6 32. Qd6+ Qxd6 33. cxd6 Bd7 34. Rce2 Bb5 35. Bc4 Rxe2 36. Rxe2 Bd7 37. Ba3 Bg7 38. Re7 Bc6 39. d7 1-0